书目信息 |
| 题名: |
中国太阳船位线表
|
|
| 作者: | ;大连水产专科学校 编 | |
| 分册: | 东黄海分册(纬度29°N-34°N) | |
| 出版信息: | 北京 农业出版社 1978 |
|
| 页数: | 475页 | |
| 开本: | 38cm | |
| 丛书名: | ||
| 单 册: | ||
| 中图分类: | U66 | |
| 科图分类: | ||
| 主题词: | 船舶定位:天文定位-太阳--中国--表 , 天文定位:船舶定位-太阳--中国--表 , 太阳-船舶定位:天文定位--中国--表 , 船舶工程 | |
| 电子资源: | ||
| ISBN: | ||
| 000 | 00947nam0 2200277 45 | |
| 001 | 0178004126 | |
| 005 | 20060529081554.60 | |
| 010 | @b精装@dCNY12.50 | |
| 091 | @a13144.182 | |
| 100 | @a19950727d1978 em y0chiy0121 ea | |
| 101 | 0 | @achi |
| 102 | @aCN@b110000 | |
| 105 | @ay z 000yy | |
| 200 | 10 | @a中国太阳船位线表@Azhong guo tai yang chuan wei xian biao@i东黄海分册(纬度29°N-34°N)@f大连水产专科学校编@Fda lian shui chan zhuan ke xue xiao bian |
| 210 | @a北京@c农业出版社@d1978 | |
| 215 | @a475页@d38cm | |
| 517 | 1 | @a东黄海分册(纬度29°N-34°N)@Adong huang hai fen ce(wei du 29°N-34°N) |
| 606 | @a船舶定位:天文定位-太阳@y中国@x表 | |
| 606 | @a天文定位:船舶定位-太阳@y中国@x表 | |
| 606 | @a太阳-船舶定位:天文定位@y中国@x表 | |
| 606 | 0 | @a船舶工程 |
| 610 | 0 | @a船位表@a黄海 |
| 690 | @aU66@v4 | |
| 711 | 02 | @a大连水产专科学校@Ada lian shui chan zhuan ke xue xiao@4编 |
| 801 | 0 | @aCN@bTSSF@c20060529 |
| 905 | @a10447@dU66@e1 | |
| 中国太阳船位线表.东黄海分册(纬度29°N-34°N)/大连水产专科学校编.-北京:农业出版社,1978 |
| 475页;38cm |
| ISBN (精装):CNY12.50 |
| ● |
| 相关链接 |
|
|
|
|
正题名:中国太阳船位线表
索取号:U66/1
 
预约/预借
| 序号 | 登录号 | 条形码 | 馆藏地/架位号 | 状态 | 备注 |
| 1 | 0007577 | 202265191 | 密集书库/ [索取号:U66/1] | 在馆 |